000 00446nam a2200169Ia 4500
008 131103s9999 xx 000 0 und d
040 _aLoreto College
041 _aEnglish
082 _aF/SMI
_bLCBED/6677
100 _aSmith, Dodie
245 4 _aThe hundred and one dalmatians
_cDodie Smith
260 _aEngland
_bPuffin Books
_c1971
300 _a204p.
_b ill.
_c 20cm.
650 _aEnglish fiction
850 _aLCBED/F/SMI
942 _cBK
999 _c32958
_d83437